Animals & people : (Record no. 8126)

MARC details
000 -LEADER
fixed length control field 00505nam a22001577a 4500
008 - FIXED-LENGTH DATA ELEMENTS--GENERAL INFORMATION
fixed length control field 190712b ||||| |||| 00| 0 eng d
020 ## - INTERNATIONAL STANDARD BOOK NUMBER
International Standard Book Number 9781935713104
082 ## - DEWEY DECIMAL CLASSIFICATION NUMBER
Classification number 591.5 GOO
245 ## - TITLE STATEMENT
Title Animals & people :
Remainder of title a selection of essays from Orion Magazine
Statement of responsibility, etc. [foreword by Jane Goodall].
260 ## - PUBLICATION, DISTRIBUTION, ETC.
Place of publication, distribution, etc. Great Barrington,
Name of publisher, distributor, etc. MA : Orion,
Date of publication, distribution, etc. 2013.
300 ## - PHYSICAL DESCRIPTION
Extent xi, 121 pages ;
Dimensions 22 cm
500 ## - GENERAL NOTE
General note "An Orion reader"--Cover.
650 ## - SUBJECT ADDED ENTRY--TOPICAL TERM
Topical term or geographic name entry element Human-animal relationships.
700 ## - ADDED ENTRY--PERSONAL NAME
Personal name Orion Society.
942 ## - Added entry Elements (Koha)
Source of classification or shelving scheme Dewey Decimal Classification
Holdings
Withdrawn status Lost status Source of classification or shelving scheme Damaged status Not for loan Collection code Home library Current library Shelving location Date acquired Serial Enumeration / chronology Total Checkouts Total Renewals Full call number Barcode Date last seen Date last checked out Price effective from Koha item type
    Dewey Decimal Classification     Main TEST RTC Library RTC Library Main opac 12/07/2019 14058 1 1 591.5 GOO 30013928 13/09/2022 12/08/2022 12/07/2019 Main
Royal Thimphu College || All Right Reserved